000 00732cam a2200265 4500
001 J1105
008 090401t1992 xxu||||| |||| 00| 0 eng d
035 _a(Sirsi) u41783
041 _aeng
050 _a333.335
100 _aWard, Jim
245 _aWhat price farming?
260 _c1992
300 _a(3)p; ; 30cm.
350 _a0
520 _aReprinted from Savills Magazine. Analyses the results of Savills Farmland Valuation Survey 1992 and the impact of CAP reform.
650 _aCOMMON AGRICULTURAL POLICY
650 _aFARM LAND
650 _aLAND PRICES
650 _aSAVILLS FARMLAND VALUATION SURVEY 1992
690 _aRURAL PRACTICE
710 _aSavills
_92020
942 _n0
948 _c04/03/1997
999 _c90980
_d90980